| 000 | 00744nam a2200205 a 4500 | ||
|---|---|---|---|
| 005 | 20230523063631.0 | ||
| 008 | 021128s1992 mx r 000 0 spa d | ||
| 020 | _a848741284X | ||
| 035 | _aUPN01000121150 | ||
| 049 | _aCG | ||
| 050 | 4 |
_aG73 _bL8.3 |
|
| 100 | 1 |
_aLuis Gómez, Alberto, _d1946- |
|
| 245 | 1 | 3 |
_aLa enseñanza de la geografía : _bguía introductoria / _cAlberto Luis Gómez, Alfonso Guijarro Fernández ; pról. José María Rozada. |
| 260 |
_a[Santander, Esp.] : _bUniversidad de Cantabria, Servicio de Publicaciones, _c1992. |
||
| 300 | _a298 p. | ||
| 650 | 4 |
_aGeografía _xEstudio y enseñanza _910181 |
|
| 650 | 4 |
_aGEOGRAFIA - _xMETODOLOGIA _918221 |
|
| 700 | 1 |
_aGuijarro Fernández, Alfonso, _d1959- _ecoaut. |
|
| 905 | _aLibro | ||
| 999 |
_c93440 _d93440 |
||